000 00404 a2200133 4500
001 ART_12503
005 20260410161907.0
008 260409a
245 1 0 _aComparing alternative test of causality in temporal systems
100 1 _aGeweke, John
700 1 _aMeese, Richard
700 1 _aDent, Warren
773 0 _tJournal of econometrics
_g- Vol. 21, NÂș 2 (feb. 1983)
_wREV11720
999 _c26432
_d26432